000 00352 a2200157 4500
001 173707
020 _a
040 _cMagnum
100 _aOrthof, Silvia
240 1 0 _aA fada sempre viva e a galinha fada
_lpor
245 1 0 _aA fada sempre viva e a galinha fada
362 0 _a1899
440 1 _aFTD
697 _aIJ/FADAS, FANTASIA
942 _cBK
999 _c173707
_d173707